NCAA Wrestling Top 10 Pre Season Rankings - Statistics

General Stats
  • This quiz has been taken 45 times
  • The average score is 20 of 100
Answer Stats
Hint Answer % Correct
#2 125 Purdue Matt Ramos
91%
#1 125 Arizona State Richard Figueroa
83%
#4 133 Iowa Drake Ayala
65%
#2 141 Penn State Beau Bartlett
61%
#3 125 Rutgers Dean Peterson
61%
#1 133 Lehigh Ryan Crookham
61%
#6 125 Nebraska Caleb Smith
57%
#10 184 Maryland Jaxon Smith
57%
#1 141 Ohio State Jesse Mendez
57%
#9 133 Penn State Braedan Davis
52%
#7 133 Illinois Lucas Byrd
52%
#5 125 Wyoming Jore Volk
48%
#3 133 Little Rock Nasir Bailey
48%
#4 141 Nebraska Brock Hardy
43%
#1 149 Virginia Tech Caleb Henson
43%
#3 141 Northern Colorado Andrew Alirez
39%
#8 133 Iowa State Evan Frost
39%
#2 133 Michigan Dylan Ragusin
35%
#5 133 Rutgers Dylan Shawver
35%
#2 149 Iowa Kyle Parco
35%
#6 133 Lock Haven Anthony Noto
30%
#8 141 Northern Iowa Cael Happel
30%
#10 133 Ohio State Nic Bouzakis
30%
#5 149 Penn State Shayne Van Ness
30%
#8 125 South Dakota State Tanner Jordan
30%
#2 157 Penn State Tyler Kasak
30%
#1 184 Penn State Carter Starocci
26%
#1 285 Penn State Greg Kerkvliet
26%
#2 197 Michigan Jacob Cardenas
26%
#2 174 Penn State Levi Haines
26%
#2 165 Iowa Michael Caliendo
26%
#1 165 Penn State Mitchell Mesenbrink
26%
#9 125 Oklahoma State Troy Spratley
26%
#1 157 Cornell Meyer Shapiro
22%
#9 141 Michigan Sergio Lemley
22%
#1 197 Iowa Stephen Buchanan
22%
#2 285 Oklahoma State Wyatt Hendrickson
22%
#3 285 Iowa State Yonger Bastida
22%
#5 197 CSU Bakersfield AJ Ferrari
17%
#3 184 Oklahoma State Dustin Plott
17%
#3 157 Iowa Jacori Teemer
17%
#4 125 NC State Jakob Camacho
17%
#10 157 Central Michigan Johnny Lovett
17%
#6 141 NC State Kai Orine
17%
#4 285 Ohio State Nick Feldman
17%
#10 125 Stanford Nico Provo
17%
#2 184 Northern Iowa Parker Keckeisen
17%
#4 149 Nebraska Ridge Lovett
17%
#5 157 Northern Iowa Ryder Downey
17%
#7 157 Nebraska Antrell Taylor
13%
#5 285 Arizona State Cohlton Schultz
13%
#3 174 Oklahoma State Dean Hamiti
13%
#7 125 Cornell Greg Diakomihalis
13%
#5 141 Navy Joshua Koderhandt
13%
#6 149 North Carolina Lachlan Mcneil
13%
#6 285 Lehigh Nathan Taylor
13%
#4 197 Missouri Rocky Elam
13%
#6 197 Little Rock Stephen Little
13%
#3 197 Oregon State Trey Munoz
13%
#7 149 Iowa State Anthony Echmendia
9%
#4 174 South Dakota State Cade DeVos
9%
#4 184 Illinois Edmond Ruth
9%
#8 184 Iowa Gabe Arnold
9%
#8 197 Minnesota Isaiah Salazar
9%
#10 141 Missouri Josh Edmond
9%
#8 149 Illinois Kannon Webster
9%
#9 165 Arizona State Nicco Ruiz
9%
#4 165 West Virginia Peyton Hall
9%
#3 149 West Virginia Ty Watters
9%
#9 197 Illinois Zach Braunagel
9%
#8 165 Michigan Beau Mantanona
4%
#10 165 Missouri Cameron Steed
4%
#9 149 Cal Poly Chance Lamer
4%
#7 184 Cornell Chris Foca
4%
#9 285 Binghamton Cory Day
4%
#6 157 NC State Ed Scott
4%
#3 165 Cornell Julian Ramirez
4%
#7 197 Lehigh Michael Beard
4%
#9 285 Campbell Taye Ghadiali
4%
#9 157 Oklahoma State Teague Travis
4%
#10 174 Central Michigan Alex Cramer
0%
#5 184 South Dakota State Bennett Berge
0%
#6 165 Oklahoma State Cameron Amine
0%
#7 141 Arizona State Emilio Ysaguirre
0%
#5 165 Stanford Hunter Garvin
0%
#8 285 NC State Isaac Trumble
0%
#10 149 Arizona State Jesse Vasquez
0%
#1 174 Missouri Keegan O´Toole
0%
#5 174 Virginia tech Lennox Wolak
0%
#6 174 Nebraska Lenny Pinto
0%
#8 174 Iowa State MJ Gaitan
0%
#7 174 Iowa Nelson Brands
0%
#9 174 Penn Nick Incontrera
0%
#4 157 Ohio Peyten Kellar
0%
#6 184 Nebraska Silas Allred
0%
#7 165 Utah Valley Terrell Barraclough
0%
#9 184 Virginia Tech TJ Stewart
0%
#8 157 Minnesota Tommy Askey
0%
#7 285 Rutgers Yaraslau Slavikouski
0%
#10 197 South Dakota State Zach Glazier
0%
No matching quizzes found
Score Distribution
Percent of People with Each Score
Percentile by Number Answered
Your Score History
You have not taken this quiz